| 000 | 00572nam a2200217Ia 4500 | ||
|---|---|---|---|
| 005 | 20250923145607.0 | ||
| 008 | 008 250917s9999 xx 000 0 eng d | ||
| 037 | _aTextual | ||
| 040 |
_aDSWL _beng _cDSWL |
||
| 041 |
_aeng _2eng |
||
| 084 | _qDSWL | ||
| 100 |
_aGarrett, H.E. _9836949 |
||
| 245 | 0 |
_aStatistics in psychology and education _c by H.E.Garrett |
|
| 250 | _a6th | ||
| 260 |
_aBombay _bVakils, Feffer & Simons Ltd. _c1966 |
||
| 300 | _axii,491 p. | ||
| 365 |
_aINR _b42.00 |
||
| 925 | _g42.00 | ||
| 942 | _cTEXL | ||
| 999 |
_c1453248 _d1453248 |
||